| 000 | 00592nam a22001817a 4500 | ||
|---|---|---|---|
| 003 | UA-OsUOA | ||
| 001 | 9186 | ||
| 007 | ta | ||
| 008 | 20041022b un ||||| |||| 00| 0 ukr d | ||
| 100 | _aБасараба В. | ||
| 942 | _cSA | ||
| 040 |
_aUA-OsUOA _cUA-OsUOA _dUA-OsUOA |
||
| 245 |
_aЗаради розв'язання соціально-економічних проблем _b[Про роботу профспілок обл.] |
||
| 300 | _aС.21 | ||
| 955 | _a0 | ||
| 773 | 0 |
_w0 _tВільне слово _dРівне _d2004 _g№78/79/15 жовт./ |
|
| 650 | 7 |
_aПрофспілки _2UDC |
|
| 999 |
_c295347 _d295347 |
||